Κατάλογος Βιβλιοθηκών Mediterranean College

Αφιέρωμα στις Παθήσεις των Ενδοκρινών Αδένων (β' μέρος) (Record no. 9653)

MARC details
000 -LEADER
fixed length control field 01714cam a22001814a 4500
005 - ΗΜΕΡΟΜΗΝΙΑ ΚΑΙ ΩΡΑ ΤΕΛΕΥΤΑΙΑΣ ΕΝΗΜΕΡΩΣΗΣ
Πεδίο ελέγχου 20250605164405.0
008 - FIXED-LENGTH DATA ELEMENTS--GENERAL INFORMATION
Πεδίο ελέγχου σταθερού μήκους 250528s ||||||||||||||||||||||||d
035 ## - SYSTEM CONTROL NUMBER
System control number 24808
040 ## - ΠΗΓΗ ΚΑΤΑΛΟΓΟΓΡΑΦΗΣΗΣ
Φορέας πρωτότυπης καταλογογράφησης MC Athens Campus Library
Γλώσσα καταλογογράφησης Ελληνικά, Μοντέρνα (1453-)
Modifying agency MC Athens Campus Library
Κανόνες περιγραφικής καταλογογράφησης AACR2
245 1# - ΤΙΤΛΟΣ ΚΑΙ ΔΗΛΩΣΗ ΥΠΕΥΘΥΝΟΤΗΤΑΣ
Τίτλος Αφιέρωμα στις Παθήσεις των Ενδοκρινών Αδένων (β' μέρος)
260 ## - PUBLICATION, DISTRIBUTION, ETC.
Name of publisher, distributor, etc. Υγεία,
Date of publication, distribution, etc. 2021
300 ## - PHYSICAL DESCRIPTION
Extent 48
520 ## - SUMMARY, ETC.
Summary, etc. Σύγχρονη Αντιμετώπιση Καρκίνου Φλοιού Επινεφριδίων, Σύγχρονες Εξελίξεις στις Παθήσεις Θυροειδούς, Σπινθηρογράφημα Επινεφριδίων, Σακχαρώδης Διαβήτης και Παθήσεις Επινεφριδίων, Σύγχρονη Αναισθησιολογική Αντιμετώπιση Παθήσεων των Επινεφριδίων, Σύγχρονη Απεικόνιση των Επινεφριδίων, Σύγχρονες Εξελίξεις στις Παθήσεις Θυροειδούς, Νεοπλασία Θυροειδούς Αδένα: Νέα Δεδομένα στην Ταξινόμηση (WHO 2017) και στη Σταδιοποίηση (AJCC 2017), Μια Νέα Μοριακή Διαγνωστική Ταυτότητα για τον Θηλώδη Καρκίνο του Θυροειδούς Αδένα, Σύγχρονες Εξελίξεις στις Παθήσεις Θυροειδούς, Φαρμακευτικές Ενδοκρινοπάθειες, 'Αντίο' σε Έναν Ευπατρίδη της Ιατρικής και του ΥΓΕΙΑ.
700 1# - ΠΡΟΣΘΕΤΗ ΑΝΑΓΡΑΦΗ--ΦΥΣΙΚΟ ΠΡΟΣΩΠΟ
Personal name Αποστολάκης Ιωάννης
9 (RLIN) 9425
942 ## - ADDED ENTRY ELEMENTS (KOHA)
Koha item type Περιοδικά Δημοσιεύματα
Holdings
Τύπος τεκμηρίου Βιβλιοθήκη Τρέχουσα τοποθεσία Barcode Ημερομηνία απόκτησης Ταξιθετικό σύμβολο Αριθμός αντιτύπου Αρίθμηση σειρών / χρονολογία Κατάσταση απόσυρσης Κατάσταση χαμένου Κατάσταση κατεστραμμένου Μη δανεισμός Σύνολο δανεισμών Ημερομηνία τελευταίας εμφάνισης Η τιμή ισχύει από
Περιοδικά Δημοσιεύματα MC Athens Campus Library MC Athens Campus Library 9780000096524 05/06/2025 ΙΑΤΡΙΚΑ ΑΝΑΛΕΚΤΑ4 1 Δ           05/06/2025 05/06/2025

MC Athens Campus Library
Πατησίων 94 & Κοδριγκτώνος 13, 104 34
Πελλήνης 8 & Πατησίων 107, 112 51
Τ: +30 210 8899600

MC Thessaloniki Campus Library
Ίωνος Δραγούμη 21, 54625 | Ίωνος Δραγούμη 15, 54625
Τ: +30 2310 287779 – Τ: +30 2314 440300